Soil strength and slope stability

Enregistré dans:
Détails bibliographiques
Auteurs principaux: Duncan, J. Michael (Auteur), Wright, Stephen G (Auteur), Brandon, Thomas L (Auteur)
Format: Livre
Langue:anglais
Publié: Hoboken John Wiley and Sons, Inc. 2014
Édition:2a. ed
Sujets:
Tags: Ajouter un tag
Pas de tags, Soyez le premier à ajouter un tag!

MARC

LEADER 00000cam a2200000 a 4500
001 UCE5350
003 CL-VaPUC
008 141230e20140000us |||||||||||||||||eng|d
020 |a 9781118651650 
082 0 4 |a 624.151363  |b DUN  |2 21 
100 0 |a Duncan, J. Michael  |e author  |9 577938 
700 0 |a Wright, Stephen G  |e author  |9 577939 
700 0 |a Brandon, Thomas L  |e author  |9 577940 
245 1 0 |a Soil strength and slope stability 
250 |a 2a. ed 
300 |a 317 p 
942 |c BK 
945 |d 20141230 16:04:00  |a dcastane 
260 |a Hoboken  |b John Wiley and Sons, Inc.  |c 2014 
650 0 |a Mecánica de suelos  |9 260278 
650 0 |a Suelos  |9 260322 
650 0 |a Diseño estructural  |9 498280 
650 7 |a INGENIERIA CIVIL ESTRUCTURAL  |2 CL-VaPUC  |9 470811 
650 0 |a Propiedades del suelo  |9 350106 
650 7 |a DESECHOS SOLIDOS  |2 CL-VaPUC  |9 500500 
650 7 |a ESTABILIZACION DEL SUELO  |2 CL-VaPUC  |9 547242 
583 |a last modification  |c 20141230 16:04:00  |k Rodrigo Vera 
999 |c 358097  |d 358095 
952 |0 0  |1 0  |3 erd  |4 0  |6 624_151363000000000_DUN_2014  |7 0  |8 A  |9 466480  |a BIBING  |b BIBING  |i 513319K  |o 624.151363 DUN 2014  |p 513319K  |r 2025-01-20  |w 2019-11-23  |y BK  |z Catalogado en:20141230  |k CIC